000 02468cam a2200349 a 4500
003 EG-GiCUC
005 20250223032531.0
008 200308s2019 ua dh f m 000 0 eng d
040 _aEG-GiCUC
_beng
_cEG-GiCUC
041 0 _aeng
049 _aDeposite
097 _aPh.D
099 _aCai01.11.25.Ph.D.2019.Al.R
100 0 _aAltohamy Mohamad Almekkawy Ali
245 1 0 _aRecent management of distal tibial fracture using anterolateral distal tibial plate /
_cAltohamy Mohamad Almekkawy Ali ; Supervised Khaled Fawzy Mostafa , Walid Reda , Ahmad Maher Sultan
246 1 5 _aالطرق الحديثة فى علاج كسور أسفل القصبة باستخدام الشريحة الأمامية الخارجية
260 _aCairo :
_bAltohamy Mohamad Almekkawy Ali ,
_c2019
300 _a171 P. :
_bcharts , facsimiles ;
_c25cm
502 _aThesis (Ph.D.) - Cairo University - Faculty of Medicine - Department of Orthopaedic Surgery
520 _aBackground context: Management of Pilon fractures is a challenge to the orthopaedic surgeon due to soft tissue damage, extensive comminution, intraarticular extension and lack of vascularity. There is an increasing trend of using anterolateral plate due to an adequate soft tissue cover on anterolateral distal tibia. Purpose: To evaluate the results and complications of minimally invasive anterolateral locking plate in management of distal tibial fractures. Patient Sample: Prospective case series of 25 patients with distal tibial fractures with an average of 12 m of follow-up. Outcome Measures: Patients were assessed with radiological outcome by Teeny and Wiss score and the functional outcome by AOFAS scale to evaluate the bone and soft tissue healing and complications. Radiological union was confirmed with plain x-rays at 12 months postoperatively. Methods: This is a prospective study of twenty five adult patients with distal tibial fractures treated by anterolateral 3.5mm distal Tibial LCP by MIPPO technique between May 2015 and February 2017 were included in the study
530 _aIssued also as CD
653 4 _aAnterolateral Plating
653 4 _aDistal Tibia fracture
653 4 _aMIPPO technique
700 0 _aAhmad Maher Sultan ,
_eSupervisor
700 0 _aKhaled Fawzy Mostafa ,
_eSupervisor
700 0 _aWalid Reda ,
_eSupervisor
856 _uhttp://172.23.153.220/th.pdf
905 _aAsmaa
_eCataloger
905 _aNazla
_eRevisor
942 _2ddc
_cTH
999 _c76879
_d76879